A feeling for the organism : The life and work of Barbara McClintock

সংরক্ষণ করুন:
গ্রন্থ-পঞ্জীর বিবরন
প্রধান লেখক: Keller, Evelyn Fox
বিন্যাস: গ্রন্থ
ভাষা:Undetermined
প্রকাশিত: New York W. H. Freeman and Company 1983
বিষয়গুলি:
ট্যাগগুলো: ট্যাগ যুক্ত করুন
কোনো ট্যাগ নেই, প্রথমজন হিসাবে ট্যাগ করুন!
Thư viện lưu trữ: Trung tâm Học liệu Trường Đại học Cần Thơ
LEADER 00662nam a2200217Ia 4500
001 CTU_168054
008 210402s9999 xx 000 0 und d
082 |a 575.1 
082 |b K29 
100 |a Keller, Evelyn Fox 
245 2 |a A feeling for the organism : 
245 4 |b The life and work of Barbara McClintock 
245 0 |c Evelyn Fox Keller 
260 |a New York 
260 |b W. H. Freeman and Company 
260 |c 1983 
650 |a McClintock Barbara,Geneticists,Nhà di truyền học Barbara McClintock 
650 |y 1902,Biography 
650 |z Unites State 
910 |a Nguyên 
980 |a Trung tâm Học liệu Trường Đại học Cần Thơ